Southville International School and Colleges
Your cart is empty.
  • Cart
  • Lists
    Public lists Eva Luna New books Lux_list list_1
    Your lists Log in to create your own lists
  • Log in to your account
  • Your cookies
  • Search history
Southville International School and Colleges
  • Advanced search
  • Recent comments
  • Most popular
  • Libraries

Log in to your account

Log in with GOOGLE


If you do not have an external account, but do have a local account, you can still log in:

  1. Home
  2. MARC view: Gusto ko ng buwan at bituin :
Normal view MARC view ISBD view

Gusto ko ng buwan at bituin : (Record no. 103452)

[ view plain ]
MARC details
000 -LEADER
fixed length control field 00588nam a2200181 a 4500
005 - DATE AND TIME OF LATEST TRANSACTION
control field 20140412111302.0
008 - FIXED-LENGTH DATA ELEMENTS--GENERAL INFORMATION
fixed length control field 000818s19uu xx 00 eng d
020 ## - INTERNATIONAL STANDARD BOOK NUMBER
International Standard Book Number 971-508-012-X
050 ## - LIBRARY OF CONGRESS CALL NUMBER
Classification number Fil 398.2
Item number A6 1995
100 ## - MAIN ENTRY--PERSONAL NAME
Personal name Almario, Virgilio S.
245 ## - TITLE STATEMENT
Title Gusto ko ng buwan at bituin :
Remainder of title I want the moon and the stars /
Statement of responsibility, etc Virgilio S. Almario; illustrated by Joanne de Leon.
250 ## - EDITION STATEMENT
Edition statement International Ed.
260 ## - PUBLICATION, DISTRIBUTION, ETC. (IMPRINT)
Place of publication, distribution, etc Metro Manila, Phil :
Name of publisher, distributor, etc Aklat Adarna,
Date of publication, distribution, etc 1995.
300 ## - PHYSICAL DESCRIPTION
Extent 1 v. (unp.) ; ill.
440 ## - SERIES STATEMENT/ADDED ENTRY--TITLE
Title Aklat Adarna
650 ## - SUBJECT ADDED ENTRY--TOPICAL TERM
Topical term or geographic name as entry element Folk Tales-Filipino
Holdings
Withdrawn status Lost status Damaged status Use restrictions Home library Current library Shelving location Date acquired Source of acquisition Total Checkouts Full call number Barcode Date last seen Price effective from Koha item type
        Elizalde Library Elizalde Library Filipiniana Section 01/31/2001     Fil 398.2 A6 1995 E4867 04/12/2014 04/12/2014 Books

Gusto ko ng buwan at bituin :

APA

Almario V. S., . (1995). Gusto ko ng buwan at bituin. Metro Manila, Phil: Aklat Adarna.

Chicago

Almario Virgilio S, . 1995. Gusto ko ng buwan at bituin. Metro Manila, Phil: Aklat Adarna.

Harvard

Almario V. S., . (1995). Gusto ko ng buwan at bituin. Metro Manila, Phil: Aklat Adarna.

MLA

Almario Virgilio S, . Gusto ko ng buwan at bituin. Metro Manila, Phil: Aklat Adarna. 1995.

  • Place hold
  • Print
  • Cite
  • Add to your cart (remove)
  • Save record
    BIBTEX Dublin Core MARCXML MARC (non-Unicode/MARC-8) MARC (Unicode/UTF-8) MARC (Unicode/UTF-8, Standard) MODS (XML) RIS
  • More searches
    Search for this title in:
    Other Libraries (WorldCat) Other Databases (Google Scholar) Online Stores (Bookfinder.com) Open Library (openlibrary.org)

Exporting to Dublin Core...

SOUTHVILLE LIBRARY

Southville International School and Colleges Library

1281 Tropical Ave. Cor. Luxembourg St., BF Homes International, Las Pinas City

Tel. No. 8256374 / 252358 Loc. 117/146

Powered by Koha